000 00349nam a2200133Ia 4500
005 20260326100045.0
008 260326s9999||||xx |||||||||||||| ||und||
100 _aAmabilis, Manuel
245 0 _aLa Arquitectura Precolombina de México /
_cManuel Amabilis
260 _bOrion
300 _a250 p.
650 _aARQUITECTURA PRECOLOMBINA
942 _cBK
999 _c7158
_d7158